00646nam a2200205Ia 4500003000400000005001700004008004100021020002900062040001700091082001700108100001800125245004600143260002300189300001100212650003800223650002900261942000900290952012800299999001300427IIN20240104144257.0231217s9999 xx 000 0 und d cRs.345.00a9789374735282 aIINbEnglish a363.7 bMIS1 aMishra, R. K.1 aEnvironmental Managementcby R. K. Mishra bAitbsaDelhic2015 a378 p.1 aManagementvEnvironmental aspects1 aEnvironmental management cBOOK 00102ddc40708Purches BookaIINbIINd2023-12-17g345.00l0o363.7 MISp268r2023-12-17 21:32:15w2023-12-17yBOOK c273d273